000 00654nam a2200205Ia 4500
001 21951
003 GE_BSU
008 181216s||||||||xx |||||||||||||| ||und||
040 _cGE_BSU
245 _aСоциально-гуманитарные знания. №6 2017.
245 _bНаучно-образовательное издание
245 _cГл. ред. А.В. Аванесова
260 _aМосква
260 _c2017
300 _a320стр. 24см.
653 _aПериодика
653 _aСоциально-гуманитарные знания. №6 2017.
653 _aპერიოდიკა
942 _cCR
999 _c54882
_d54882